Serenidad : poemas para la armonía espiritual /

Los poemas de Amado Nervo reflejan un hondo sentimiento religioso, presente en él desde su más tierna infancia y que le brindaría consulto en momentos de mayor dolor.

Guardado en:
Autor Principal: Nervo, Amado.
Formato: Libro
Idioma:Undetermined
Publicado: Rosario : Ameghino, 1998.
Edición:1a ed.
Series:Poesía
Materias:
Etiquetas: Agregar Etiqueta
Sin Etiquetas, Sea el primero en etiquetar este registro!
LEADER 02468nam a22002055a 4500
001 CEM.cems025038
008 251219s1998####xx############000#0#und#d
005 20251219143015.0
245 1 0 |a Serenidad :  |b poemas para la armonía espiritual /  |c Amado Nervo. 
250 |a 1a ed. 
260 |a Rosario :  |b Ameghino,  |c 1998. 
300 |a 139 p. 
440 0 |a Poesía 
505 0 |a Autobiografía -- APACIBLEMENTE -- Primera página -- Mediumnidad - Solidaridad -- Optimismo -- Sosiego -- La montaña -- Venganza -- "Via, veritas et vita" -- Extasis -- Paz lunar -- Llegó el otoño -- Renunciación -- Fidelidad -- Hatha yoga -- La muerte, nuestra señora -- Hay que -- Serena tu espíritu -- Yo no soy demasiado sabio -- A qué -- Temple -- Ultravioleta -- Sol -- Limpidez -- Comunión -- Célular, protozoarios -- El nudo -- Soñar es ver -- Camino adelante -- "Alma mater" -- De pasada -- Mar de la serenidad -- "Nec spes nec metus" -- Estoy contento -- Lector, tal vez murmures -- RICAS IRÓNICAS Y CORTESANAS -- Discretos -- Mensaje -- El saludo mejor -- ¡Oh, la rapaza!" -- Nocturno parisiene -- Consonante -- Los cuatro coroneles de la reina -- ¡París! -- ¡Oh madurez! -- "Pas mème un futuriste..." -- Prodigalidad -- El brazo de concepción -- "Whiskey and soda" -- Inmovilidad -- Credo -- A un galófobo -- Lo eterno -- A un amigo piadoso, tonto y bueno -- Resumen -- AMOR -- ¡Amemos! -- Canto de amor -- Los dos -- Los últimos -- El secreto -- Dominio -- El viejo palacio -- Bien haya la vida -- Loor -- El balcón viejo -- Una española -- Silenciosamente -- Cobardía -- Yo no nací para reír -- Cómo en herirnos la crueldad se afana -- Divinización -- AD ASTRA -- Pájaro milagroso -- Si me dan a escoger -- Imán -- Los cometas -- El viaje -- El color de la luna -- El convento -- Voces -- PIEDAD -- Supremo arrullo -- Hospitalidad -- Salmo -- Confianza -- Si, pobre viejecita -- PENUMBRA -- Eso no más -- Suavidad -- El mentor muerto -- De todo mi pasado -- Miedo -- ¡Quién sabe! -- Tedio -- Arcanidad -- Inmortalidad -- ¿Y por qué no? -- No es culpa mía -- Cansancio -- La pregunta 
520 |a Los poemas de Amado Nervo reflejan un hondo sentimiento religioso, presente en él desde su más tierna infancia y que le brindaría consulto en momentos de mayor dolor. 
020 |a 9879216318 
100 1 |a Nervo, Amado. 
653 |a Poesía mexicana 
653 |a Literatura mexicana 
859 |a CEMS  |b BIB. CEMS - 11 de abril  |h M861.3  |i N359-1  |p 30601.25  |t Ej.1